Φορτώνει......

Practical approaches to literary criticism /

Λεπτομέρειες βιβλιογραφικής εγγραφής
Κύριος συγγραφέας: Wilson, Robert .
Μορφή: Printed Book
Έκδοση: London : Longman. 1987
Θέματα:
LEADER 00440cam a2200133ua 4500
082 1 4 |a 801.953  |b WIL-N 
100 1 |a Wilson, Robert . 
245 1 0 |a Practical approaches to literary criticism /  
260 |a London :   |b Longman.  |c 1987 
300 |a 130p. 
650 0 |a Literary criticism 
942 |c BK 
999 |c 25558  |d 25558 
952 |0 0  |1 0  |4 0  |6 801_953000000000000_WILN  |7 0  |9 32437  |a KU  |b KU  |c GEN  |d 2015-07-05  |l 3  |o 801.953 WIL-N  |p EN12061  |r 2018-05-28  |s 2018-05-17  |y BK